Statistics for Formula 1 drivers line-up 2019

Click here to take the quiz!

General Stats

  • This quiz has been taken 12 times
  • The average score is 9 of 20

Answer Stats

TeamNationalityDriver% Correct
Mercedes AMG PetronasUKLewis Hamilton
91%
Scuderia FerrariGermanySebastian Vettel
82%
Alfa Romeo RacingFinlandKimi Raikkonen
73%
Renault F1 TeamAustraliaDaniel Ricciardo
64%
Aston Martin Red Bull RacingNetherlandsMax Verstappen
64%
Mercedes AMG PetronasFinlandValtteri Bottas
64%
RoKit Williams RacingPolandRobert Kubica
55%
Racing PointMexicoSergio Perez
55%
Renault F1 TeamGermanyNico Hulkenberg
45%
Haas F1 TeamFranceRomain Grosjean
45%
Scuderia FerrariMonacoCharles Leclerc
36%
Scuderia Toro RossoRussiaDaniil Kvyat
36%
RoKit Williams RacingUKGeorge Russell
36%
Racing PointCanadaLance Stroll
36%
McLaren F1 TeamSpainCarlos Sainz Jr
27%
Haas F1 TeamDenmarkKevin Magnussen
27%
Aston Martin Red Bull RacingFrancePierre Gasly
27%
Scuderia Toro RossoThailand/UKAlexander Albon
18%
Alfa Romeo RacingItalyAntonio Giovinazzi
18%
McLaren F1 TeamUKLando Norris
18%

Score Distribution

Percentile by Number Answered

Percent of People with Each Score

Your Score History

You have not taken this quiz